<?xml version="1.0" encoding="UTF-8"?>
<record
    xmlns:xsi="http://www.w3.org/2001/XMLSchema-instance"
    xsi:schemaLocation="http://www.loc.gov/MARC21/slim http://www.loc.gov/standards/marcxml/schema/MARC21slim.xsd"
    xmlns="http://www.loc.gov/MARC21/slim">

  <leader>01504nam a22002657a 4500</leader>
  <controlfield tag="001">9228</controlfield>
  <controlfield tag="003">FISKH</controlfield>
  <controlfield tag="005">20251203155111.0</controlfield>
  <controlfield tag="008">251203b        cb ||||| |||| 00| 0 eng d</controlfield>
  <datafield tag="040" ind1=" " ind2=" ">
    <subfield code="a">FISKH</subfield>
    <subfield code="b">khr</subfield>
    <subfield code="c">FISKH</subfield>
    <subfield code="d">FISKH</subfield>
  </datafield>
  <datafield tag="082" ind1=" " ind2=" ">
    <subfield code="a">398.2</subfield>
  </datafield>
  <datafield tag="100" ind1=" " ind2=" ">
    <subfield code="a">Maxwell , Arthur S. </subfield>
  </datafield>
  <datafield tag="245" ind1=" " ind2=" ">
    <subfield code="a">&#x1786;&#x17D2;&#x1780;&#x17C2;&#x1796;&#x17B8;&#x179A;&#x1780;&#x17D2;&#x1794;&#x17B6;&#x179B;&#x1793;&#x17B7;&#x1784;&#x1780;&#x17D2;&#x1798;&#x17C1;&#x1784;&#x179F;&#x17D2;&#x179A;&#x17B8; :</subfield>
    <subfield code="b">Two dogs and a girl / </subfield>
    <subfield code="c">By Arhur S. Maxwell</subfield>
  </datafield>
  <datafield tag="260" ind1=" " ind2=" ">
    <subfield code="a">Phnom Penh : </subfield>
  </datafield>
  <datafield tag="300" ind1=" " ind2=" ">
    <subfield code="a">18 pages : </subfield>
    <subfield code="b">color illustrations ; </subfield>
    <subfield code="c">21 cm . </subfield>
  </datafield>
  <datafield tag="505" ind1=" " ind2=" ">
    <subfield code="a">J 
</subfield>
  </datafield>
  <datafield tag="520" ind1=" " ind2=" ">
    <subfield code="a">&#x1780;&#x17B6;&#x179B;&#x1796;&#x17B8;&#x1796;&#x17D2;&#x179A;&#x17C1;&#x1784;&#x1793;&#x17B6;&#x1799;&#x1798;&#x17B6;&#x1793;&#x1786;&#x17D2;&#x1780;&#x17C2;&#x1796;&#x17B8;&#x179A;&#x1780;&#x17D2;&#x1794;&#x17B6;&#x179B;&#x1788;&#x17D2;&#x1798;&#x17C4;&#x17C7;&#x1790;&#x17C1;&#x178C;&#x17B8; &#x1793;&#x17B7;&#x1784; &#x179F;&#x17CA;&#x17BC;&#x1792;&#x17B8; &#x17D4;&#x1796;&#x17BD;&#x1780;&#x179C;&#x17B6;&#x1793;&#x17C5;&#x1787;&#x17B6;&#x1798;&#x17BD;&#x1799;&#x1780;&#x17D2;&#x1798;&#x17C1;&#x1784;&#x179F;&#x17D2;&#x179A;&#x17B8;&#x1798;&#x17D2;&#x1793;&#x17B6;&#x1780;&#x17CB;&#x1788;&#x17D2;&#x1798;&#x17C4;&#x17C7; &#x1798;&#x17C9;&#x17B6;&#x179A;&#x17B8; &#x17D4; &#x1796;&#x17BD;&#x1780;&#x1782;&#x17C1;&#x179A;&#x179F;&#x17CB;&#x1793;&#x17C5;&#x1780;&#x17D2;&#x1793;&#x17BB;&#x1784;&#x1782;&#x17D2;&#x179A;&#x17BD;&#x179F;&#x17B6;&#x179A;&#x1798;&#x17BD;&#x1799;&#x178A;&#x17C2;&#x179B;&#x1798;&#x17B6;&#x1793;&#x200B;&#x17AA;&#x1796;&#x17BB;&#x1780;&#x1798;&#x17D2;&#x178F;&#x17B6;&#x1799; &#x1793;&#x17B7;&#x1784; &#x1798;&#x17B8;&#x1784; &#x1799;&#x17C9;&#x17B6;&#x1784;&#x179F;&#x1794;&#x17D2;&#x1794;&#x17B6;&#x1799;&#x179A;&#x17B8;&#x1780;&#x179A;&#x17B6;&#x1799; &#x17D4; </subfield>
  </datafield>
  <datafield tag="520" ind1=" " ind2=" ">
    <subfield code="a">Once upon a time, there were two-headed dogs named Teddy and Sooti. They lived with a little girl named Mary. They lived in a family with her parents and Ming, happily and joyfully.</subfield>
  </datafield>
  <datafield tag="521" ind1="8" ind2=" ">
    <subfield code="a">480 
</subfield>
    <subfield code="b">Lexile estimate 
</subfield>
  </datafield>
  <datafield tag="521" ind1="8" ind2=" ">
    <subfield code="a">J 
</subfield>
    <subfield code="b">Raz-Plus 
</subfield>
  </datafield>
  <datafield tag="650" ind1=" " ind2=" ">
    <subfield code="a">&#x1786;&#x17D2;&#x1780;&#x17C2;&#x1796;&#x17B8;&#x179A;&#x1780;&#x17D2;&#x1794;&#x17B6;&#x179B;&#x1793;&#x17B7;&#x1784;&#x1780;&#x17D2;&#x1798;&#x17C1;&#x1784;&#x179F;&#x17D2;&#x179A;&#x17B8;</subfield>
    <subfield code="v">&#x179A;&#x17BF;&#x1784;&#x1793;&#x17B7;&#x1791;&#x17B6;&#x1793;&#x1780;&#x17BB;&#x1798;&#x17B6;&#x179A;</subfield>
  </datafield>
  <datafield tag="650" ind1=" " ind2=" ">
    <subfield code="a">Two dogs and a girl</subfield>
    <subfield code="v">Children's Stories </subfield>
  </datafield>
  <datafield tag="942" ind1=" " ind2=" ">
    <subfield code="2">ddc</subfield>
    <subfield code="c">KHB</subfield>
    <subfield code="n">0</subfield>
  </datafield>
  <datafield tag="999" ind1=" " ind2=" ">
    <subfield code="c">9228</subfield>
    <subfield code="d">9228</subfield>
  </datafield>
  <datafield tag="952" ind1=" " ind2=" ">
    <subfield code="0">0</subfield>
    <subfield code="1">0</subfield>
    <subfield code="2">ddc</subfield>
    <subfield code="4">0</subfield>
    <subfield code="7">0</subfield>
    <subfield code="8">Khmer-English Bilingual </subfield>
    <subfield code="a">002</subfield>
    <subfield code="b">002</subfield>
    <subfield code="c">TTP Khmer</subfield>
    <subfield code="d">2025-12-03</subfield>
    <subfield code="l">0</subfield>
    <subfield code="o">MAX PZ7 398.2 </subfield>
    <subfield code="p">2025-5013</subfield>
    <subfield code="r">2025-12-03 15:51:07</subfield>
    <subfield code="w">2025-12-03</subfield>
    <subfield code="y">KHB</subfield>
  </datafield>
</record>
